Oasis Members Quiz - Statistics

General Stats
  • This quiz has been taken 18 times
  • The average score is 6 of 10
Answer Stats
Hint Answer % Correct
Lead vocals, tambourine (1991-2009) (2024-) Liam Gallagher
100%
Lead guitar, vocals, keyboards (1991-2009) (2024-) Noel Gallagher
100%
Rhythm guitar, piano (1991-1999) (2024-) Paul "Bonehead" Arthurs
94%
Rhythm/lead guitar, keyboards (1999-2009) (2024-) Gem Archer
61%
Drums (1991-1995) Tony McCarroll
61%
Drums, percussion (1995-2004) Alan White
56%
Bass guitar (1991-1999) Paul "Guigsy" McGuigan
56%
Bass guitar, keyboards (1999-2009) (2024-) Andy Bell
50%
Drums (2004-2008) Zak Starkey
44%
Drums (2008-2009) Chris Sharrock
17%
No matching quizzes found
Score Distribution
Percent of People with Each Score
Percentile by Number Answered
Your Score History
You have not taken this quiz